Statistics for Queen songs in Spanish

Click here to take the quiz!

General Stats

  • This quiz has been taken 82 times
  • The average score is 6 of 12

Answer Stats

SpanishEnglish% Correct
Amor de mi vidaLove of my life
79%
Eres mi mejor amigoYou're my best friend
79%
Somos los campeonesWe are the champions
77%
Lo quiero todoI want it all
67%
Bajo presiónUnder pressure
61%
No me pares ahoraDon't stop me now
54%
Estos son los días de nuestras vidasThese are the days of our lives
53%
Quién quiere vivir para siempreWho wants to live forever
53%
Estoy enamorado de mi cocheI'm in love with my car
49%
Demasiado amor te mataráToo much love will kill you
28%
Nací para amarteI was born to love you
26%
En el regazo de los diosesIn the lap of Gods
14%

Score Distribution

Percentile by Number Answered

Percent of People with Each Score

Your Score History

You have not taken this quiz